Holiday Quiz

Random Holiday or Halloween Quiz

TV Show by Halloween Episode Quiz Stats

Quiz Updated Jun 20, 2016

Challenge
Share
Tweet
Embed
Score 0/32 Timer 10:00
0 Plays Today
Episode Name Show % Correct
Treehouse of HorrorThe Simpsons
76.9%
The One with the Halloween PartyFriends
75.6%
The Middle Earth ParadigmThe Big Bang Theory
58.4%
Everybody Hates HalloweenEverybody Hates Chris
52.6%
Ghost of Clampett CastleThe Beverly Hillbillies
52.5%
Slutty PumpkinHow I Met Your Mother
52.4%
iScream on HalloweeniCarly
49.5%
Bar Wars V: the Final JudgementCheers
44.8%
FonsillectomyHappy Days
43.9%
I Was a Teenage TaylorHome Improvement
43.8%
The Ghost of General LeeThe Dukes of Hazzard
41.7%
What Is Blue Afraid Of?Blue's Clues
40.6%
Scary GodparentsThe Fairly OddParents
40.3%
Curse of the KramdensThe Jackie Gleason Show
37.7%
HilloweenKing of the Hill
35.6%
The Rocky Horror [Show Title] ShowGlee
33.2%
Episode Name Show % Correct
It's The Gay Pumpkin, Charlie BrownWill and Grace
32.1%
Halloween KnightKnight Rider
31.1%
SpookyfishSouth Park
29.9%
The Night the Cylons LandedGalactica 1980
27.4%
FrankenbravoJohnny Bravo
26.6%
The Ghost of Suite 613Suite Life of Zack & Cody
26%
Trick Me Up, Trick Me DownRoseanne
23%
StevilFamily Matters
22.6%
Horror Fiction in Seven Spooky StepsCommunity
22.3%
The Monster Of Walnut GroveLittle House on the Prairie
19.7%
Best Little Horror House in Langley FallsAmerican Dad!
19.6%
My Master, the GhostbreakerI Dream of Jeannie
17.8%
Scaredy Dick3rd Rock From the Sun
14%
[Show Title] Versus the Aisle of TerrorChuck
11.8%
This Episode SucksPsych
7.8%
BolloweenOutsourced
7.6%

You're not logged in!

Compare scores with friends on all Sporcle quizzes.
Join for Free
OR
Log In

You Might Also Like...

Show Comments

Extras

Top Quizzes Today


Score Distribution

Your Account Isn't Verified!

In order to create a playlist on Sporcle, you need to verify the email address you used during registration. Go to your Sporcle Settings to finish the process.

Report this User

Report this user for behavior that violates our Community Guidelines.

Details: